| 000 | 00851nam a2200277 a 4500 | ||
|---|---|---|---|
| 001 | 000047419 | ||
| 003 | DO-SdBNP | ||
| 005 | 20260601092229.0 | ||
| 007 | ta | ||
| 008 | 090903s2003 dr 000 0 spa d | ||
| 020 | _a9993403849 | ||
| 040 |
_aDO-SdBNP _bspa _cBNPHU _erda |
||
| 082 | 4 |
_aRD863.44 _bM379b _222 |
|
| 100 | 1 |
_aMartín Paulino, José, _d1963- _eautor _4aut. _934433 |
|
| 245 | 1 | 3 |
_aLa burla en el espejo / _cJosé Martín Paulino. |
| 264 | 4 |
_aSanto Domingo : _bEditora Cocolo, _c©2003. |
|
| 300 |
_a109 páginas ; _c22 cm. |
||
| 336 |
_atexto _btxt _2rdacontent |
||
| 337 |
_asin mediación _bn _2rdamedia |
||
| 338 |
_avolumen _bnc _2rdacarrier |
||
| 590 | _aInventariado, 2018/ YL | ||
| 650 | 7 |
_aCuentos dominicanos _2LEMB |
|
| 650 | 7 |
_aLiteratura dominicana _2LEMB |
|
| 910 | _aValidado. Control de calidad MFF | ||
| 942 |
_2ddc _cLBS1 |
||
| 999 |
_c46907 _d46907 |
||